Venta Belgarum: Prehistoric, Roman, and Post-Roman Winchester

محفوظ في:

المؤلف الرئيسي: Francis M. Morris

التنسيق: كتاب

اللغة: Undetermined

الوصول للمادة أونلاين: Login to view Source

الوسوم: إضافة وسم

لا توجد وسوم, كن أول من يضع وسما على هذه التسجيلة!

رقم الطلب:

LEADER 00468nmm a2200133Ia 4500
008 240716s9999||||xx |||||||||||||||||und||
020 |a 9781803276809 
020 |a 9781803276816 
100 |a Francis M. Morris 
245 1 0 |a Venta Belgarum: Prehistoric, Roman, and Post-Roman Winchester  |c Francis M. Morris 
264 |b Archaeopress Archaeology  |c 28-ديسمبر-23 
856 4 0 |u http://library.arce.org:8087/Archaeopress/Products/9781803276809 
942 |2 lcc  |c EBOOK 
999 |c 58970  |d 58970